| 000 | 00975cam a2200217 4500 | ||
|---|---|---|---|
| 001 | WB3740-08 | ||
| 008 | 011024n2001 000 0 eng u | ||
| 035 | _a(Sirsi) u115273 | ||
| 245 | _aTown centre schemes dominate pipeline plans | ||
| 260 | _c2001 | ||
| 490 |
_aRetail Week _v 19 October 2001, 23(1) |
||
| 520 | _aAccording to CB Hillier Parker's "Shopping Centres in the Pipeline" research, shopping centre development is on the increase. The total amount of shopping centre space proposed or under construction rose to 4.9m sq m at the end of 3Q 2001. This is the highest level of activity recorded since September 1993. The report also shows the decline of factory outlet development as the market reaches saturation. Table. | ||
| 590 | _aWB | ||
| 650 | _aCB HILLIER PARKER | ||
| 650 | _aTOWN CENTRE DEVELOPMENT | ||
| 650 | _aFLOORSPACE | ||
| 650 | _aFACTORY OUTLETS | ||
| 650 | _aDEVELOPMENT | ||
| 690 | _aBUILDING AND CONSTRUCTION-PROJECTS | ||
| 942 | _n0 | ||
| 999 |
_c68655 _d68655 |
||